| 000 | 00804nam0a22002531 4500 | ||
|---|---|---|---|
| 001 | rc\3935395 | ||
| 005 | 20130415113310.0 | ||
| 021 |
_aRU _b[57-4248] |
||
| 035 | _a(NLR Aleph) 008035239 | ||
| 090 |
_a8846594 _c8846594 |
||
| 100 | _a20130415d1956 |||y0rusy50 ca | ||
| 101 | 0 | _arus | |
| 102 | _aRU | ||
| 105 | _ay z ||||| | ||
| 200 | 1 |
_aВыращивайте шампиньоны _fМ-во сельского хозяйства РСФСР. Гл. упр. с.-х. науки |
|
| 210 |
_aМосква _cБ. и. _d1956 |
||
| 215 |
_a19 с. _d19 |
||
| 606 |
_aШампиньоны _xВыращивание _2psbo |
||
| 700 | 1 |
_aГромов _bН. Г. _gНиколай Генрихович |
|
| 801 | 0 |
_aRU _bNLR _gpsbo |
|
| 801 | 1 |
_aRU _bELAR _2rusmarc |
|
| 852 |
_aNLR _j57-4/1321 |
||
| 942 | _cBOOK | ||
| 980 | _aNB | ||